| LEADER | 01132cam a2200253 a 4500 | ||
|---|---|---|---|
| 001 | 1934829 | ||
| 003 | GR-PaULI | ||
| 005 | 20210519164612.0 | ||
| 008 | 861128s1987 ctua f b 001 0 eng d | ||
| 020 | |a 03000063121 (pbk.) | ||
| 040 | |a DLC |c DLC |b gre |d GR-AiPi |e AACR2 | ||
| 082 | 0 | 4 | |a 796.809 3 |2 23 |
| 100 | |a Poliakoff, Michael. |9 169387 |e συγγραφέας | ||
| 245 | 1 | 0 | |a Combat sports in the ancient world : |b competition, violence, and culture / |c Michael B. Poliakoff. |
| 260 | |a New Haven : |b Yale University Press, |c c1987. | ||
| 300 | |a xviii, 202 σ. : |b εικ. ; |c 25 εκ. | ||
| 504 | |a Περιλαμβάνει βιβλιογραφικές αναφορές σ. 192-194 και ευρετήριο. | ||
| 650 | 4 | |a Αθλήματα |z Ελλάδα |x Ιστορία |9 49484 | |
| 650 | 4 | |a Αθλήματα |z Ρώμη |x Ιστορία |9 169229 | |
| 650 | 4 | |a Πάλη |9 169388 | |
| 942 | |2 ddc |c BK15 | ||
| 952 | |0 0 |1 0 |2 ddc |4 0 |6 796_809000000000000_3_POL |7 0 |9 222946 |a LISA |b LISA |c BSC |d 2018-06-08 |i 14044 |l 0 |o 796.809 3 POL |p 026000279597 |r 2018-06-08 00:00:00 |t 1 |w 2018-06-08 |y BK15 | ||
| 998 | |c ΜΙΧΟΣΤΑΥΡΟΥ |d 2018-06 | ||
| 999 | |c 134735 |d 134735 | ||